Sports Quiz

Random Sports or Soccer Quiz

Europa League Winning Cities Quiz Stats

Quiz Updated Dec 21, 2017

Challenge
Share
Tweet
Embed
Score 0/26 Timer 07:00
5 Plays Today
Titles City % Correct
4Madrid
94.9%
3London
94.3%
1Manchester
93.5%
3Liverpool
84.4%
3Milano
82.7%
5Sevilla
82.6%
1München
82.2%
1Amsterdam
75.7%
3Torino
71.8%
1Moskva
68.7%
2Porto
68.3%
1Valencia
54%
1Napoli
51.6%
Titles City % Correct
1Sankt-Peterburg
47.6%
1Brussels
47.1%
1Istanbul
46.3%
2Rotterdam
44.7%
1Eindhoven
38%
1Donetsk
33.5%
1Frankfurt
26%
2Parma
24.5%
1Gelsenkirchen
20.8%
1Leverkusen
18.7%
2Göteborg
17.2%
1Ipswich
16.1%
2Mönchengladbach
15.7%

You're not logged in!

Compare scores with friends on all Sporcle quizzes.
Sign Up with Email
OR
Log In

You Might Also Like...

Show Comments

Extras

Top Quizzes Today


Score Distribution

Your Account Isn't Verified!

In order to create a playlist on Sporcle, you need to verify the email address you used during registration. Go to your Sporcle Settings to finish the process.